100 beste Fußballer 2022 (Fair) - Statistiken

Allgemein
  • Dieses Quiz wurde 227 mal gespielt
  • Das Durchschnittsergebnis liegt bei 51 aus 100
Antwortstatistiken
Hint Antwort % Korrekt
PSG Mbappe
99%
PSG Messi
97%
Real Madrid Benzema
92%
Manchester City Haaland
92%
Barcelona Lewandowski
92%
Al Nassr Ronaldo
92%
Tottenham Kane
89%
Liverpool Salah
89%
Real Madrid Modric
87%
Real Madrid Vinicius
87%
PSG Neymar
86%
Manchester City De Bruyne
85%
Real Madrid Kroos
85%
Borussia Dortmund Bellingham
84%
Bayern München Sane
80%
Bayern München Kimmich
77%
Bayern München Mane
77%
Atlético Madrid Griezmann
75%
Tottenham Son
75%
Manchester City Rodri
74%
Bayern München Neuer
73%
Barcelona Pedri
73%
Real Madrid Rodrygo
71%
Real Madrid Courtois
70%
Barcelona Gavi
70%
Bayern München Musiala
70%
Manchester City Ederson
68%
Chelsea | Manchester City Silva
68%
Liverpool Van Dijk
68%
Bayern München Gnabry
67%
Liverpool Alisson
65%
Manchester City Foden
65%
Real Madrid Rüdiger
64%
Arsenal Saka
63%
AC Mailand Leao
61%
Aston Villa | Inter Mailand | Manchester United Martinez
61%
Manchester United Rashford
61%
Manchester City Gündogan
60%
Neapel Osimhen
60%
Manchester United Casemiro
59%
Manchester United Fernandes
58%
Real Madrid Valverde
58%
Real Madrid Alaba
56%
Manchester City Dias
56%
Arsenal Ödegaard
54%
Manchester City Walker
52%
Barcelona De Jong
51%
RB Leipzig Nkunku
51%
Bayern München Davies
49%
Juventus Di Maria
47%
Liverpool Nunez
47%
Liverpool Diaz
46%
PSG Marquinhos
46%
Liverpool Robertson
46%
Juventus Vlahovic
45%
Manchester City Alvarez
44%
PSG Hakimi
44%
Lazio Rom Immobile
44%
Bayern München Upamecano
44%
Liverpool Arnold
43%
AC Mailand Hernandez
43%
AC Mailand Giroud
42%
Real Madrid Militao
42%
West Ham United Rice
42%
Arsenal Jesus
39%
RB Leipzig Gvardiol
38%
Barcelona Dembele
36%
Benfica Fernandez
36%
Inter Mailand Barella
35%
Manchester City Mahrez
35%
Neapel Kvaratskhelia
34%
Brighton Mac Allister
32%
AC Mailand Maignan
32%
Real Madrid Tchouaméni
32%
Manchester United Varane
32%
Tottenham Lloris
31%
Manchester City Cancelo
26%
Tottenham Romero
24%
Liverpool Fabinho
23%
Atlético Madrid De Paul
20%
Liverpool Gakpo
19%
Chelsea James
19%
Fulham Mitrovic
19%
Newcastle United Guimarães
18%
Benfica Otamendi
18%
AC Mailand Tonali
17%
Chelsea Koulibaly
16%
Tottenham Richarlison
15%
Dynamo Zagreb Livakovic
13%
Porto Taremi
13%
Sevilla Bounou
11%
Flamengo Barbosa
10%
Florenz Amrabat
9%
Inter Mailand Brozovic
8%
Chelsea Ziyech
8%
Angers Ounahi
6%
Flamengo De Arrascaeta
1%
Keine übereinstimmenden Quizze gefunden
Verteilung der Resultate
Anzahl Personen mit jedem Resultat
Perzentil nach korrekt beantworteten Fragen
Ihre Resultats-Entwicklung
Sie haben dieses Quiz noch nicht gespielt